[Event "kazan"]
[Site "?"]
[Date "2016.05.14"]
[Round "1.2"]
[White "Zamaliev, Ruzat"]
[Black "Timofeev, Artiom"]
[Result "0-1"]
[WhiteElo "2133"]
[BlackElo "2560"]
[PlyCount "144"]
[EventDate "2016.??.??"]

1. e4 c5 2. Nf3 e6 3. d4 cxd4 4. Nxd4 Nc6 5. Nc3 Qc7 6. Be3 a6 7. Qd2 Nf6 8.
O-O-O Bb4 9. f3 Ne7 10. Bd3 e5 11. Nde2 d5 12. exd5 Nfxd5 13. Kb1 Be6 14. Nxd5
Nxd5 15. c3 Be7 16. Bg5 f6 17. Bh4 O-O 18. Bf2 Kh8 19. Qc2 Bg8 20. Be4 Rfd8 21.
h4 b5 22. h5 h6 23. Rd2 Rac8 24. Rhd1 Nb6 25. Bf5 Rb8 26. Bxb6 Qxb6 27. Rd7
Rxd7 28. Rxd7 Bf8 29. Nc1 a5 30. g4 b4 31. c4 Qc6 32. Ra7 Qc5 33. Rd7 Bxc4 34.
b3 Bb5 35. Qxc5 Bxc5 36. Rd5 Bd4 37. Bd3 Bc6 38. Rxa5 Bxf3 39. Bf5 e4 40. Rd5
Bb6 41. Rd7 Rd8 42. Re7 Bc5 43. Re6 Kg8 44. Kc2 Kf7 45. Rc6 Be3 46. Rc7+ Kf8
47. Bg6 Bxg4 48. Bxe4 Bxh5 49. Nd3 Bf7 50. Nxb4 Rd4 51. Rc8+ Ke7 52. Nc6+ Kd6
53. Nxd4 Bxd4 54. Rd8+ Ke5 55. Bd3 g5 56. a4 g4 57. Rd7 Bd5 58. Rg7 h5 59. a5
f5 60. Rg5 Be4 61. Bxe4 Kxe4 62. Rxh5 g3 63. Rg5 f4 64. Kd2 Kf3 65. b4 g2 66.
b5 g1=Q 67. Rxg1 Bxg1 68. b6 Kg4 69. Ke2 f3+ 70. Kf1 Bd4 71. b7 Ba7 72. a6 Kg3
0-1

[Event "kazan"]
[Site "?"]
[Date "2016.05.14"]
[Round "2.2"]
[White "Timofeev, Artiom"]
[Black "Ovchinnikov, Vsevolod"]
[Result "1-0"]
[WhiteElo "2560"]
[BlackElo "2318"]
[Annotator ",000"]
[PlyCount "71"]
[EventDate "2016.??.??"]

1. c4 Nf6 2. Nc3 c5 3. Nf3 e6 4. e4 Nc6 5. Be2 b6 6. d4 cxd4 7. Nxd4 Bb4 8. O-O
O-O 9. Ndb5 a6 10. Nd6 Qc7 11. Nxc8 Rfxc8 12. Bd2 Bxc3 13. Bxc3 Nxe4 14. Be1
Rd8 15. Bf3 Ng5 16. Be2 d5 17. cxd5 exd5 18. Rc1 Qd6 19. Qa4 b5 20. Qh4 Ne6 21.
Bd3 h6 22. Bd2 Ne5 23. Bf5 Rac8 24. Bb4 Qd7 25. Rce1 Rc4 26. Qg3 Rxb4 27. Rxe5
Qd6 28. Rfe1 Nf8 29. b3 f6 30. Re7 Qxg3 31. hxg3 Rd4 32. Rc1 g6 33. Be6+ Nxe6
34. Rxe6 Kf7 35. Rcc6 f5 36. Rxg6 1-0

[Event "kazan"]
[Site "?"]
[Date "2016.05.14"]
[Round "3.2"]
[White "Yandemirov, Valeri"]
[Black "Timofeev, Artiom"]
[Result "1-0"]
[WhiteElo "2470"]
[BlackElo "2560"]
[Annotator ",000"]
[PlyCount "115"]
[EventDate "2016.??.??"]

1. Nf3 Nf6 2. g3 g6 3. Bg2 Bg7 4. O-O O-O 5. d4 d5 6. c4 dxc4 7. Na3 c3 8. bxc3
c5 9. Ne5 Nc6 10. Nac4 Be6 11. Nxc6 bxc6 12. Ne5 Bd5 13. Nxc6 Qd6 14. Ne5 Bxg2
15. Kxg2 Ne4 16. Bb2 Bxe5 17. dxe5 Qxe5 18. Qc2 c4 19. Rad1 Rfd8 20. Rd4 Rxd4
21. cxd4 Qe6 22. f3 c3 23. Qxe4 Qxe4 24. fxe4 cxb2 25. Rb1 Rb8 26. Kf3 a5 27.
Ke3 a4 28. a3 Rb3+ 29. Kd2 h5 30. Kc2 Rxa3 31. Rxb2 Re3 32. Kd2 Rxe4 33. e3 Re6
34. Rb8+ Kg7 35. Ra8 Rb6 36. Rxa4 Rb2+ 37. Ke1 Rxh2 38. Kf1 e6 39. d5 e5 40. e4
Rd2 41. Ra3 f5 42. Ra7+ Kf6 43. Ra6+ Kg5 44. Re6 fxe4 45. Rxe5+ Kg4 46. Rxe4+
Kxg3 47. Re6 g5 48. d6 g4 49. Ke1 Rd5 50. Ke2 h4 51. Re3+ Kf4 52. Rd3 Rxd3 53.
Kxd3 h3 54. d7 h2 55. d8=Q h1=Q 56. Qd6+ Kg5 57. Qe5+ Kg6 58. Qe6+ 1-0

[Event "kazan"]
[Site "?"]
[Date "2016.05.14"]
[Round "5.2"]
[White "Timofeev, Artiom"]
[Black "Korovin, Mikhai"]
[Result "1/2-1/2"]
[WhiteElo "2560"]
[BlackElo "2346"]
[Annotator ",000"]
[PlyCount "102"]
[EventDate "2016.??.??"]

1. c4 Nf6 2. Nc3 e6 3. e4 d5 4. e5 Nfd7 5. d4 c5 6. cxd5 exd5 7. f4 Nc6 8. Nf3
cxd4 9. Nb5 Bb4+ 10. Bd2 Bc5 11. Bd3 Nb4 12. Bxb4 Bxb4+ 13. Kf2 a6 14. Nbxd4
Bc5 15. Kg3 Qb6 16. Bc2 O-O 17. Qd3 g6 18. h4 f6 19. Rae1 fxe5 20. fxe5 Nb8 21.
Bb3 Nc6 22. Bxd5+ Kg7 23. Bxc6 bxc6 24. h5 Bxd4 25. Nxd4 c5 26. hxg6 Qxg6+ 27.
Qxg6+ hxg6 28. Nf3 Be6 29. b3 Rac8 30. Rd1 Rfd8 31. Ng5 Bg8 32. Rd6 Rxd6 33.
exd6 Rd8 34. Ne4 c4 35. bxc4 Bxc4 36. Rc1 Bd5 37. Rc7+ Kh6 38. Nf2 Rxd6 39.
Ng4+ Kg5 40. Rc5 Kf5 41. Ne3+ Ke4 42. Rxd5 Rxd5 43. Nxd5 Kxd5 44. Kg4 Kc4 45.
Kg5 Kb4 46. Kxg6 Ka3 47. Kh6 Kxa2 48. g4 a5 49. g5 a4 50. g6 a3 51. g7 Kb2
1/2-1/2

[Event "kazan"]
[Site "?"]
[Date "2016.05.14"]
[Round "6.2"]
[White "Samusenko, Maksim"]
[Black "Timofeev, Artiom"]
[Result "1/2-1/2"]
[WhiteElo "2423"]
[BlackElo "2560"]
[Annotator ",000"]
[PlyCount "164"]
[EventDate "2016.??.??"]

1. e4 c5 2. Nf3 d6 3. d4 cxd4 4. Nxd4 Nf6 5. Nc3 Nc6 6. Be3 e6 7. f4 Be7 8. Qf3
e5 9. Nb3 Ng4 10. Bd2 exf4 11. Bxf4 Nge5 12. Qf2 O-O 13. O-O-O Be6 14. Nd5 a6
15. Qb6 Bg5 16. Qxd8 Bxf4+ 17. Nxf4 Raxd8 18. Nd4 Rfe8 19. Be2 Kf8 20. Rhf1
Nxd4 21. Rxd4 Ke7 22. a4 Rc8 23. Kb1 Rc7 24. Rfd1 Rd8 25. h3 g5 26. Nd5+ Bxd5
27. Rxd5 h6 28. c3 Rc6 29. R5d4 Rf8 30. Rf1 Nd7 31. Bc4 Rc7 32. Bd5 Nb6 33. a5
Nxd5 34. Rxd5 Ke6 35. Rfd1 Rc6 36. Rf1 Rc4 37. Rdf5 f6 38. Re1 Rc5 39. g4 h5
40. Kc2 hxg4 41. hxg4 Rh8 42. Rxc5 dxc5 43. Kd3 Rh4 44. Rg1 Rh2 45. b3 Ra2 46.
b4 cxb4 47. cxb4 Ke5 48. Rf1 Ra3+ 49. Kc4 Rg3 50. Kc5 Rxg4 51. Kb6 Rxe4 52.
Kxb7 Rxb4+ 53. Kxa6 g4 54. Ka7 f5 55. a6 f4 56. Ra1 f3 57. Ka8 f2 58. a7 g3 59.
Ra5+ Kd6 60. Rd5+ Kc6 61. Rd6+ Kc5 62. Rd5+ Kc4 63. Rd4+ Kb3 64. Rd3+ Ka4 65.
Ra3+ Kb5 66. Ra5+ Kc4 67. Rc5+ Kd4 68. Rd5+ Ke3 69. Rd3+ Ke2 70. Rd2+ Ke1 71.
Rd1+ Ke2 72. Rd2+ Ke3 73. Rd3+ Ke4 74. Re3+ Kd5 75. Re5+ Kc4 76. Rc5+ Kd3 77.
Rc3+ Kd4 78. Rd3+ Ke5 79. Rd5+ Kf4 80. Rf5+ Kg4 81. Rg5+ Kh3 82. Rxg3+ Kxg3
1/2-1/2

[Event "kazan"]
[Site "?"]
[Date "2016.05.14"]
[Round "7.2"]
[White "Timofeev, Artiom"]
[Black "Makhmutov, Rail"]
[Result "1-0"]
[WhiteElo "2560"]
[BlackElo "2462"]
[Annotator ",000"]
[PlyCount "59"]
[EventDate "2016.??.??"]

1. c4 e6 2. Nc3 d5 3. d4 Be7 4. f3 Nf6 5. e4 dxc4 6. Bxc4 O-O 7. Nge2 a6 8. a4
c5 9. d5 exd5 10. Nxd5 Nxd5 11. Bxd5 Nd7 12. a5 Nf6 13. Bc4 b5 14. axb6 Qxb6
15. O-O Be6 16. b3 Rfd8 17. Qc2 Bxc4 18. bxc4 Bd6 19. f4 Nd7 20. Nc3 f6 21. Nd5
Qc6 22. Bb2 Re8 23. Ra3 Bf8 24. Rg3 Kh8 25. e5 fxe5 26. fxe5 Re6 27. Rh3 h6 28.
Nf4 Nb6 29. Qf5 Ree8 30. e6 1-0

[Event "kazan"]
[Site "?"]
[Date "2016.05.15"]
[Round "8.4"]
[White "Yandemirov, Valeri"]
[Black "Sharafiev, Azat"]
[Result "1/2-1/2"]
[WhiteElo "2470"]
[BlackElo "2527"]
[PlyCount "50"]
[EventDate "2016.??.??"]

1. e4 g6 2. d4 Bg7 3. Nc3 d6 4. Nf3 a6 5. a4 b6 6. Bg5 Bb7 7. Bc4 h6 8. Be3 e6
9. O-O Nf6 10. e5 Ng4 11. Bf4 g5 12. Bg3 dxe5 13. Nxe5 Nxe5 14. Bxe5 Bxe5 15.
dxe5 Qxd1 16. Raxd1 Nd7 17. Rde1 Rg8 18. Bd3 Nc5 19. Be4 Nxe4 20. Nxe4 Bxe4 21.
Rxe4 O-O-O 22. f4 Rd2 23. Rf2 Rd1+ 24. Rf1 Rd2 25. Rf2 Rd1+ 1/2-1/2

[Event "kazan"]
[Site "?"]
[Date "2016.05.15"]
[Round "10.2"]
[White "Tokarev, Ilya"]
[Black "Ovchinnikov, Vsevolod"]
[Result "1-0"]
[WhiteElo "2365"]
[BlackElo "2318"]
[PlyCount "110"]
[EventDate "2016.??.??"]

1. c4 Nf6 2. Nc3 g6 3. e4 d6 4. d4 Bg7 5. Nf3 O-O 6. Be2 Nbd7 7. O-O e5 8. Bg5
h6 9. Bh4 Re8 10. d5 a5 11. Ne1 Nc5 12. Qc2 g5 13. Bg3 Bd7 14. b3 h5 15. f3 h4
16. Bf2 b6 17. Nd3 Nh5 18. g3 hxg3 19. hxg3 Rf8 20. Kg2 f5 21. Nxc5 bxc5 22.
Rh1 Qe8 23. Bd3 g4 24. fxg4 fxg4 25. Be2 Qg6 26. Be3 Bh6 27. Qd2 Bxe3 28. Qxe3
Nf4+ 29. gxf4 exf4 30. Qd3 f3+ 31. Kf1 fxe2+ 32. Kxe2 Rf3 33. Qd2 Raf8 34. Raf1
Qf6 35. Qe1 Qxc3 36. Qxc3 Rxc3 37. Rh8+ Kxh8 38. Rxf8+ Kg7 39. Rd8 Ba4 40. bxa4
Rxc4 41. Rd7+ Kf6 42. Rxc7 Rxe4+ 43. Kf2 Rxa4 44. Rc6 Ke5 45. Kg3 Kxd5 46. Rb6
Rxa2 47. Kxg4 c4 48. Rb8 c3 49. Rc8 c2 50. Kf3 Kd4 51. Ke2 a4 52. Kd2 d5 53.
Kc1 Kd3 54. Rh8 Ra1+ 55. Kb2 c1=Q# 1-0

[Event "kazan"]
[Site "?"]
[Date "2016.05.15"]
[Round "10.3"]
[White "Sharafiev, Azat"]
[Black "Yandemirov, Valeri"]
[Result "1-0"]
[WhiteElo "2527"]
[BlackElo "2470"]
[Annotator ",000"]
[PlyCount "101"]
[EventDate "2016.??.??"]

1. d4 Nf6 2. Bf4 g6 3. Nc3 d5 4. Qd2 Bg7 5. O-O-O O-O 6. Bh6 c5 7. Bxg7 Kxg7 8.
dxc5 Qa5 9. Kb1 Be6 10. Nf3 Qxc5 11. Nd4 Nc6 12. Nxe6+ fxe6 13. e3 Ng4 14. f3
Nxe3 15. Na4 Nxf1 16. Nxc5 Nxd2+ 17. Rxd2 Rf6 18. Re1 Kf7 19. Nxb7 d4 20. Nc5
Rd8 21. Rde2 e5 22. Nd3 Re6 23. Nxe5+ Nxe5 24. Rxe5 Rxe5 25. Rxe5 d3 26. cxd3
Rxd3 27. Kc2 Rd6 28. Ra5 a6 29. b4 Kf6 30. a4 e5 31. Kc3 Kf5 32. Rc5 Kf4 33. b5
axb5 34. axb5 Rb6 35. Rc4+ Ke3 36. Kb4 Kf2 37. Rc2+ Kg1 38. h3 Kh2 39. Ka5 Rb8
40. b6 g5 41. Ka6 h5 42. Ka7 Rf8 43. b7 Kg3 44. b8=Q Rxb8 45. Kxb8 g4 46. fxg4
hxg4 47. hxg4 Kxg4 48. Kc7 e4 49. Kd6 e3 50. Re2 Kf4 51. Kd5 {Ke4+ Kxe4} 1-0

[Event "kazan"]
[Site "?"]
[Date "2016.05.15"]
[Round "11.1"]
[White "Hasangatin, Ramil"]
[Black "Timofeev, Artiom"]
[Result "1/2-1/2"]
[WhiteElo "2530"]
[BlackElo "2560"]
[PlyCount "23"]
[EventDate "2016.??.??"]

1. Nf3 c5 2. c4 Nf6 3. e3 g6 4. b3 Bg7 5. Bb2 O-O 6. Be2 b6 7. O-O Bb7 8. d4
cxd4 9. Nxd4 d5 10. Nc3 dxc4 11. Bxc4 Nbd7 12. Be2 1/2-1/2

[Event "kazan"]
[Site "?"]
[Date "2016.05.15"]
[Round "11.2"]
[White "Faizrakhmanov, Ramil"]
[Black "Sharafiev, Azat"]
[Result "0-1"]
[WhiteElo "2426"]
[BlackElo "2527"]
[PlyCount "88"]
[EventDate "2016.??.??"]

1. d4 g6 2. c4 Bg7 3. Nc3 e6 4. e4 Ne7 5. Nf3 d6 6. g3 b6 7. h4 h5 8. Bg5 Nd7
9. Qd2 Bb7 10. Bg2 a6 11. O-O b5 12. cxb5 axb5 13. Nxb5 f6 14. e5 O-O 15. exd6
cxd6 16. Bh6 Ba6 17. a4 Bxb5 18. axb5 Qb6 19. Rxa8 Rxa8 20. Bxg7 Kxg7 21. Ng5
d5 22. Qb4 Nf5 23. Nxe6+ Qxe6 24. Re1 Qf7 25. b6 Rb8 26. b7 Nf8 27. Qc5 Qxb7
28. Bxd5 Qb6 29. Qc3 Rd8 30. Be4 Qxd4 31. Qc6 Qd7 32. Qc3 Rc8 33. Bxf5 gxf5 34.
Qf3 Kg6 35. Qe3 Qc6 36. Qe7 Qd7 37. Qe3 Rb8 38. Qc3 Qb7 39. Qc4 Qf7 40. Qc5
Rxb2 41. Re7 Qb3 42. Qc7 Qb6 43. Qf4 Rb1+ 44. Kh2 Qc6 0-1

[Event "kazan"]
[Site "?"]
[Date "2016.05.15"]
[Round "11.4"]
[White "Samusenko, Maksim"]
[Black "Yandemirov, Valeri"]
[Result "1/2-1/2"]
[WhiteElo "2423"]
[BlackElo "2470"]
[Annotator ",000"]
[PlyCount "115"]
[EventDate "2016.??.??"]

1. e4 e5 2. Nf3 Nc6 3. Nc3 Nf6 4. Be2 d5 5. exd5 Nxd5 6. O-O Nxc3 7. bxc3 Bd6
8. d4 O-O 9. Re1 h6 10. Bd3 Qf6 11. Rb1 Bg4 12. Be4 exd4 13. cxd4 Bxf3 14. Qxf3
Qxf3 15. gxf3 Nxd4 16. Be3 Ne6 17. Bxb7 Rad8 18. Bxa7 Bc5 19. Bxc5 Nxc5 20. Re7
Ne6 21. a4 Rd6 22. a5 Rb8 23. Rb3 Kf8 24. Rxe6 Rxe6 25. a6 Re1+ 26. Kg2 Ra1 27.
Rc3 Rd8 28. Rxc7 Rd6 29. f4 Ra3 30. f5 Rdxa6 31. Bxa6 Rxa6 32. Kg3 Ra5 33. Kf4
Ra4+ 34. c4 Ra2 35. Kg3 Rc2 36. h4 h5 37. f3 f6 38. Kf4 Rh2 39. Kg3 Rd2 40. c5
Rd5 41. c6 Rc5 42. Kf4 Rc4+ 43. Ke3 Ke8 44. Kd3 Rxh4 45. Rxg7 Kd8 46. Rf7 Rf4
47. Rxf6 Kc7 48. Ke3 Rc4 49. Rh6 h4 50. f6 Kd6 51. Kf2 Ke6 52. Kg2 Kf7 53. Kh3
Rxc6 54. Kxh4 Rxf6 55. Rxf6+ Kxf6 56. Kg4 Kg6 57. Kf4 Kf6 58. Ke4 {Ke5+}
1/2-1/2

[Event "kazan"]
[Site "?"]
[Date "2016.05.15"]
[Round "12.1"]
[White "Timofeev, Artiom"]
[Black "Hasangatin, Ramil"]
[Result "1-0"]
[WhiteElo "2560"]
[BlackElo "2530"]
[PlyCount "109"]
[EventDate "2016.??.??"]

1. d4 d6 2. e4 Nf6 3. Bd3 e5 4. c3 Nbd7 5. Nf3 g6 6. O-O Bg7 7. Re1 O-O 8. Nbd2
b6 9. Nf1 Bb7 10. Ng3 Re8 11. h3 c6 12. a4 a6 13. Bg5 Qc7 14. Qd2 Nf8 15. Rad1
Ne6 16. Be3 Rad8 17. Qc1 b5 18. Bc2 Rc8 19. Bb3 exd4 20. cxd4 c5 21. d5 Nf8 22.
Bh6 Bh8 23. axb5 axb5 24. Qf4 N6d7 25. Ng5 Nf6 26. Qh4 N8d7 27. f4 c4 28. Bc2
Nc5 29. Kh2 Nd3 30. Bxd3 cxd3 31. f5 Qc4 32. Nxf7 Kxf7 33. fxg6+ hxg6 34. Rf1
Ke7 35. Bg5 Rf8 36. Rf4 Qc2 37. Rdf1 Qxb2 38. Qh6 Kd7 39. Qxg6 Kc7 40. Bxf6
Bxf6 41. Rxf6 Rxf6 42. Rxf6 d2 43. Rf1 Qc2 44. Nf5 Rd8 45. Qg7+ Kb6 46. Qd4+
Qc5 47. Qxd2 Rc8 48. Qf4 Rd8 49. Rc1 Qa3 50. Nd4 Rf8 51. Qxf8 Qxc1 52. Qxd6+
Ka7 53. Nxb5+ Ka8 54. Qd8+ Bc8 55. Qc7 1-0

[Event "kazan"]
[Site "?"]
[Date "2016.05.15"]
[Round "12.2"]
[White "Sharafiev, Azat"]
[Black "Faizrakhmanov, Ramil"]
[Result "0-1"]
[WhiteElo "2527"]
[BlackElo "2426"]
[PlyCount "108"]
[EventDate "2016.??.??"]

1. e4 c5 2. Nf3 e6 3. d4 cxd4 4. Nxd4 a6 5. Bd3 Bc5 6. Nb3 Be7 7. Qg4 Nf6 8.
Qg3 d6 9. O-O O-O 10. Bh6 Ne8 11. Nc3 Bh4 12. Qg4 e5 13. Qh5 gxh6 14. g3 Bf6
15. f4 exf4 16. gxf4 Bxc3 17. bxc3 Ng7 18. Qxh6 f5 19. e5 dxe5 20. fxe5 Nc6 21.
Rae1 Be6 22. Rf4 Qe8 23. Kf2 Qh5 24. Qxh5 Nxh5 25. Rg1+ Kh8 26. Rh4 Ng7 27. Nc5
Nxe5 28. Rxg7 Bg8 29. Rxb7 Rac8 30. Ne6 Rf6 31. Ng5 h6 32. Nf3 Nxf3 33. Ra4 Ne5
34. Ra3 f4 35. h3 Rfc6 36. Ra5 Nxd3+ 37. cxd3 Rxc3 38. Rb6 Rxd3 39. Rxh6+ Kg7
40. Rhxa6 Rc2+ 41. Ke1 Rxh3 42. Rg5+ Kh7 43. Kd1 Rxa2 44. Rxa2 Bxa2 45. Ke2 Be6
46. Kf2 Kh6 47. Re5 Bg4 48. Re8 Rh2+ 49. Kg1 Ra2 50. Rg8 Kh5 51. Rh8+ Kg5 52.
Rh7 Bf5 53. Rg7+ Kh4 54. Rg8 Bg4 0-1

[Event "kazan"]
[Site "?"]
[Date "2016.05.15"]
[Round "12.4"]
[White "Yandemirov, Valeri"]
[Black "Samusenko, Maksim"]
[Result "0-1"]
[WhiteElo "2470"]
[BlackElo "2423"]
[PlyCount "110"]
[EventDate "2016.??.??"]

1. Nf3 Nf6 2. g3 d6 3. d4 g6 4. Bg2 Bg7 5. O-O O-O 6. c3 Nbd7 7. Bf4 h6 8. Na3
c6 9. Re1 Qc7 10. e4 e5 11. dxe5 dxe5 12. Be3 Nxe4 13. Qc1 Kh7 14. Ng5+ Nxg5
15. Bxg5 hxg5 16. Qxg5 Qd8 17. Qe3 Nb6 18. Rad1 Qf6 19. Qc5 Be6 20. Nc2 Rfd8
21. Ne3 Rxd1 22. Rxd1 Rd8 23. Rxd8 Qxd8 24. Qa5 Qb8 25. b3 Nd7 26. c4 Bh6 27.
Qd2 a6 28. h4 Nf6 29. Qd3 Bxe3 30. Qxe3 Qd6 31. Bf3 Bg4 32. Bg2 Bf5 33. Bf3 Qd4
34. Qxd4 exd4 35. Kf1 Bb1 36. a3 Bc2 37. b4 Ne4 38. Ke1 Kg7 39. Bg2 Kf6 40. g4
Ke5 41. h5 gxh5 42. gxh5 Nf6 43. Kd2 Bf5 44. Bf3 Bg4 45. Bxg4 Nxg4 46. f3 Nh6
47. Kd3 Nf5 48. a4 b5 49. f4+ Kxf4 50. h6 Nxh6 51. Kxd4 bxa4 52. Kc3 Ke3 53.
Kb2 Kd4 54. Ka3 Kxc4 55. Kxa4 f5 0-1

[Event "kazan"]
[Site "?"]
[Date "2016.05.15"]
[Round "13.1"]
[White "Faizrakhmanov, Ramil"]
[Black "Sharafiev, Azat"]
[Result "0-1"]
[WhiteElo "2426"]
[BlackElo "2527"]
[PlyCount "102"]
[EventDate "2016.??.??"]

1. d4 e6 2. c4 b6 3. Nc3 Bb7 4. e3 f5 5. Nf3 Nf6 6. Be2 Bb4 7. O-O Bxc3 8. bxc3
O-O 9. Nd2 d6 10. f3 Nbd7 11. Bd3 Qe8 12. a4 a5 13. Ba3 Rd8 14. Qc2 g6 15. Rad1
e5 16. c5 dxc5 17. dxc5 Nxc5 18. Bxc5 bxc5 19. Nc4 Bc6 20. Ra1 Ra8 21. Qb2 Kg7
22. Nd2 Bxa4 23. Qa3 Bb5 24. c4 Bc6 25. Qxc5 a4 26. Nb1 Qd7 27. Bc2 Qd6 28. Qa3
Qxa3 29. Nxa3 Rfd8 30. Rf2 Nd7 31. Nb5 Bxb5 32. cxb5 Nb6 33. Ra3 Rd5 34. Rc3
Ra7 35. Bd3 Nd7 36. Ra2 Rc5 37. Rca3 Nb6 38. Kf2 Kf6 39. g3 Ke7 40. Be2 Ra8 41.
Rd2 Rd8 42. Rb2 Rd6 43. Rb4 Rd2 44. Ke1 Rcc2 45. Bd1 Rb2 46. Rxb2 Rxb2 47. Rc3
Kd6 48. Rc6+ Kd7 49. Rf6 a3 50. Rf7+ Kc8 51. Rf8+ Kb7 0-1

[Event "kazan"]
[Site "?"]
[Date "2016.05.15"]
[Round "13.2"]
[White "Korovin, Mikhail"]
[Black "Ibragimov, Ildar"]
[Result "0-1"]
[WhiteElo "2346"]
[BlackElo "2476"]
[PlyCount "98"]
[EventDate "2016.??.??"]

1. d4 Nf6 2. Nf3 e6 3. g3 b5 4. Bg2 d5 5. O-O c5 6. c3 Nbd7 7. a4 b4 8. cxb4
cxb4 9. Bf4 Be7 10. Nbd2 Bb7 11. Nb3 Rc8 12. Qd3 Qb6 13. Rfc1 O-O 14. Ne5 Ba6
15. Qd1 Bc4 16. Be3 Ba6 17. Bf3 Bd6 18. Nd3 Qb8 19. Nbc5 Nxc5 20. dxc5 Bc7 21.
Bg5 Ne4 22. Be3 Rfd8 23. Qb3 Bxd3 24. exd3 Nf6 25. d4 a5 26. Be2 Re8 27. Bb5
Re7 28. Bg5 h6 29. Bxf6 gxf6 30. Qf3 f5 31. Qh5 Kg7 32. Re1 Rg8 33. Kh1 Kh7 34.
Qh4 Qd8 35. Bd3 Rg5 36. f4 Rg6 37. Bxf5 Qf8 38. Bxg6+ fxg6 39. Re2 Qg7 40. Rae1
Bd8 41. Rd1 e5 42. fxe5 Rxe5 43. Qg4 Rxe2 44. Qxe2 Bf6 45. c6 Bxd4 46. c7 Qxc7
47. Rxd4 Qc1+ 48. Rd1 Qc4 49. Qxc4 Kg7 0-1

[Event "kazan"]
[Site "?"]
[Date "2016.05.15"]
[Round "13.3"]
[White "Ovchinnikov, Vsevolod"]
[Black "Makhmutov, Rail"]
[Result "1-0"]
[WhiteElo "2318"]
[BlackElo "2462"]
[PlyCount "227"]
[EventDate "2016.??.??"]

1. Nf3 d5 2. g3 Nf6 3. Bg2 c6 4. O-O Bg4 5. b3 Nbd7 6. Bb2 e6 7. c4 Bd6 8. d3
O-O 9. Qc2 Qe7 10. Nc3 Ba3 11. h3 Bh5 12. g4 Bg6 13. Nh4 Bxb2 14. Qxb2 a5 15.
Nxg6 hxg6 16. a3 Rfe8 17. Rab1 Qd6 18. Rfd1 Qc7 19. e3 Red8 20. d4 Re8 21. Qe2
Rab8 22. b4 axb4 23. axb4 Nb6 24. c5 Nc4 25. b5 b6 26. cxb6 Rxb6 27. bxc6 Qxc6
28. Rxb6 Qxb6 29. g5 Nh7 30. h4 Nf8 31. Rc1 Qb2 32. Qxb2 Nxb2 33. Rb1 Nc4 34.
Rb7 Rd8 35. Bf1 Nd6 36. Rc7 Nf5 37. Nb5 Nxh4 38. f4 Nf5 39. Kf2 Rb8 40. Bd3 Ra8
41. Na7 Nd6 42. Kf3 Re8 43. Nc6 Nf5 44. Bb5 Ra8 45. Bd3 Re8 46. Rb7 Nh7 47.
Bxf5 gxf5 48. g6 fxg6 49. Ne7+ Kf8 50. Nxg6+ Kg8 51. Ne7+ Kf8 52. Ng6+ Kg8 53.
Kg3 Ra8 54. Re7 Nf8 55. Nxf8 Kxf8 56. Rxe6 Kf7 57. Re5 g6 58. Rxd5 Kf6 59. Kf3
Ra1 60. Rd6+ Kf7 61. Rb6 Rf1+ 62. Ke2 Ra1 63. Rb7+ Kf6 64. Rb6+ Kf7 65. Kf3
Rf1+ 66. Kg2 Ra1 67. Kf2 Ra2+ 68. Kf3 Ra1 69. Ke2 Ra2+ 70. Kd3 Ra3+ 71. Kd2
Ra2+ 72. Ke1 Rh2 73. Kd1 Rg2 74. Ra6 Rh2 75. Rc6 Rg2 76. Rc2 Rg1+ 77. Kd2 Ke6
78. Rc5 Kd6 79. Ra5 Ke6 80. Kd3 Kd6 81. Rb5 Ke6 82. Re5+ Kd6 83. Ke2 Kd7 84.
Kf2 Rg4 85. Ra5 Kd6 86. Ra8 Kd5 87. Kf3 Rg1 88. Rd8+ Ke6 89. Rh8 Kd5 90. Rh2
Rf1+ 91. Rf2 Ra1 92. Rg2 Ra6 93. Rc2 Ra1 94. Rg2 Ra6 95. Rb2 Kc4 96. Rc2+ Kd5
97. Rc5+ Kd6 98. Rb5 Ke6 99. Rb8 Kd5 100. Re8 Kd6 101. Kg3 Kd5 102. Kh4 Kc4
103. Kg5 Kd3 104. Re5 Rd6 105. Kh6 Ke2 106. Kg7 Kf3 107. Kf7 Ra6 108. Re6 Ra7+
109. Kxg6 Kg4 110. Kf6 Ra8 111. d5 Rh8 112. d6 Rh7 113. Re7 Rh6+ 114. Ke5 1-0

[Event "kazan"]
[Site "?"]
[Date "2016.05.15"]
[Round "14.1"]
[White "Sharafiev, Azat"]
[Black "Timofeev, Artiom"]
[Result "1/2-1/2"]
[WhiteElo "2527"]
[BlackElo "2560"]
[PlyCount "21"]
[EventDate "2016.??.??"]

1. d4 d5 2. c4 e6 3. Nc3 c6 4. Qb3 Nf6 5. Nf3 dxc4 6. Qxc4 b5 7. Qd3 a6 8. Bg5
Bb7 9. a4 Nbd7 10. e3 b4 11. Ne4 1/2-1/2

[Event "kazan"]
[Site "?"]
[Date "2016.05.15"]
[Round "14.2"]
[White "Faizrakhmanov, Ramil"]
[Black "Hasangatin, Ramil"]
[Result "1-0"]
[WhiteElo "2426"]
[BlackElo "2530"]
[PlyCount "101"]
[EventDate "2016.??.??"]

1. d4 d5 2. Nf3 c6 3. c4 dxc4 4. e3 Be6 5. Nc3 b5 6. a4 b4 7. Ne4 Bd5 8. Ned2
c3 9. bxc3 bxc3 10. Nb1 Qa5 11. Qc2 Bxf3 12. gxf3 e6 13. Nxc3 Nf6 14. Bd2 Be7
15. Ne4 Qf5 16. Nxf6+ Qxf6 17. Bg2 O-O 18. O-O a5 19. f4 Rc8 20. Rab1 Qg6 21.
Rfc1 Ba3 22. Qxg6 hxg6 23. Rc4 Ra7 24. Rb3 Bd6 25. Rc1 Kf8 26. Rcb1 Nd7 27. Rb7
Rxb7 28. Rxb7 Nf6 29. Bxa5 Ra8 30. Bb4 Bxb4 31. Rxb4 Nd5 32. Bxd5 cxd5 33. Kf1
Rc8 34. Rb1 Ra8 35. Ra1 Ke7 36. Ke2 Kd6 37. Kd3 Kc6 38. a5 Kb7 39. f3 Rh8 40.
Ra2 Rh3 41. Rb2+ Ka7 42. Rc2 Kb7 43. a6+ Kxa6 44. Rc7 Rxf3 45. Rxf7 g5 46. Ke2
Rh3 47. fxg5 Rxh2+ 48. Kd3 Rg2 49. Rxg7 Kb5 50. Rg6 Rg1 51. Rxe6 1-0

[Event "kazan"]
[Site "?"]
[Date "2016.05.15"]
[Round "14.4"]
[White "Rodchenkov, Vitaly"]
[Black "Yandemirov, Valeri"]
[Result "0-1"]
[WhiteElo "2382"]
[BlackElo "2470"]
[PlyCount "54"]
[EventDate "2016.??.??"]

1. d4 Nf6 2. Bf4 g6 3. e3 Bg7 4. Nf3 b6 5. h3 Bb7 6. Be2 O-O 7. O-O d6 8. Bh2
Nbd7 9. Nbd2 e6 10. a4 a5 11. c3 Qe7 12. Re1 e5 13. Nc4 e4 14. Nfd2 h5 15. Na3
Nh7 16. Nb5 Ndf6 17. Nc4 Nd5 18. Qd2 Bc8 19. b4 Ng5 20. bxa5 bxa5 21. Nxa5 Rxa5
22. c4 Rxb5 23. cxb5 Qf6 24. a5 Bh6 25. Bc4 Bxh3 26. Bf4 Nf3+ 27. gxf3 Nxf4 0-1

[Event "kazan"]
[Site "?"]
[Date "2016.05.15"]
[Round "15.1"]
[White "Timofeev, Artiom"]
[Black "Sharafiev, Azat"]
[Result "1-0"]
[WhiteElo "2560"]
[BlackElo "2527"]
[Annotator ",000"]
[PlyCount "89"]
[EventDate "2016.??.??"]

1. c4 e6 2. Nc3 d5 3. d4 Nf6 4. Bg5 Be7 5. e3 O-O 6. Rc1 c6 7. Bd3 dxc4 8. Bxc4
Nd5 9. Bxe7 Qxe7 10. Nf3 Nxc3 11. Rxc3 Nd7 12. O-O b6 13. Qe2 Bb7 14. Ba6 Bxa6
15. Qxa6 c5 16. Rfc1 Qd6 17. dxc5 Qc7 18. cxb6 Qxb6 19. Qxb6 axb6 20. a3 Nc5
21. Kf1 Rfd8 22. Ke2 g6 23. Ne5 Rd5 24. Nd3 Nxd3 25. Rxd3 Rb5 26. b4 h5 27. h4
Ra7 28. Rc6 Kg7 29. g3 Kf6 30. e4 g5 31. f4 gxf4 32. gxf4 Ke7 33. Kd2 Rd7 34.
Kc3 f5 35. e5 Rxd3+ 36. Kxd3 Rd5+ 37. Ke3 b5 38. Rc5 Rd1 39. Rxb5 Rh1 40. a4
Rxh4 41. a5 Kd7 42. a6 Rh3+ 43. Kd4 Ra3 44. Rb7+ Kc6 45. b5# {Kd5# Ke4+} 1-0

[Event "kazan"]
[Site "?"]
[Date "2016.05.15"]
[Round "15.2"]
[White "Hasangatin, Ramil"]
[Black "Faizrakhmanov, Ramil"]
[Result "0-1"]
[WhiteElo "2530"]
[BlackElo "2426"]
[PlyCount "68"]
[EventDate "2016.??.??"]

1. d4 Nf6 2. Nc3 d5 3. Bg5 Nbd7 4. Nf3 g6 5. e3 Bg7 6. Be2 O-O 7. O-O c6 8. h3
Re8 9. Bf4 b6 10. a4 a5 11. Bh2 e6 12. Re1 Ba6 13. Bxa6 Rxa6 14. Qd3 Ra8 15. e4
dxe4 16. Nxe4 Nxe4 17. Qxe4 Nf6 18. Qh4 Nd5 19. Qxd8 Rexd8 20. Ne5 Bxe5 21.
Bxe5 c5 22. dxc5 bxc5 23. Rad1 f6 24. Bg3 e5 25. f3 Nb4 26. c4 Nc2 27. Rxd8+
Rxd8 28. Re2 Nd4 29. Re3 Nf5 30. Bf2 Nxe3 31. Bxe3 Rb8 32. Bxc5 Rxb2 33. Be7
Kf7 34. Bd8 Rb4 0-1